A evaluation of the discrepancy definition of dyslexia (Record no. 68624)

MARC details
000 -CABECERA
campo de control de longitud fija 00538nam a2200193 a 4500
005 - FECHA Y HORA DE LA ÚLTIMA TRANSACCIÓN
campo de control 20210219153115.0
008 - ELEMENTOS DE LONGITUD FIJA--INFORMACIÓN GENERAL
campo de control de longitud fija 991125n 000 0 u
035 ## - NÚMERO DE CONTROL DEL SISTEMA
Número de control de sistema UPN01000078280
100 1# - ASIENTO PRINCIPAL--NOMBRE PERSONAL
Nombre de persona Siegel, Linda S
222 ## - TÍTULO CLAVE
Título clave JOURNAL OF LEARNING DISABILITIES
245 ## - MENCIÓN DE TÍTULO
Título A evaluation of the discrepancy definition of dyslexia
300 ## - DESCRIPCIÓN FÍSICA
Extensión 618-629
362 0# - FECHAS DE PUBLICACIÓN Y/O DESIGNACIÓN SECUENCIAL
Fecha de publicación y/o designación secuencial 1992 Vol. 25, no. 10
653 0# - TERMINO DE INDIZACION - NO CONTROLADO
Término no controlado DISLEXIA
653 0# - TERMINO DE INDIZACION - NO CONTROLADO
Término no controlado PROBLEMAS DE APRENDIZAJE
653 0# - TERMINO DE INDIZACION - NO CONTROLADO
Término no controlado INDICADORES EDUCATIVOS
904 ## - ELEMENTOS DE DATOS D LOCAL, LDD (RLIN)
a AC
b 016091
905 ## - TIPO DE MATERIAL
Tipo de material Articulo

No items available.